Escudos de Times de Futebol da Bahia - Statistics

Estatísticas Gerais
  • Esse quiz foi jogado 40 vezes
  • A pontuação média é 13 de 22
Estatísticas das Respostas
Imagem Resposta % Correto
Bahia
100%
Vitória
100%
Bahia de Feira
94%
Fluminense de Feira
89%
Jacuipense
86%
Barcelona
78%
Atlético Alagoinhas
72%
Galícia
69%
Jequié
67%
Juazeirense
67%
Feira
64%
Porto
64%
Itabuna
58%
Jacobina
58%
Colo Colo
47%
Leônico
42%
SSA
42%
Primeiro Passo
28%
Camaçari
22%
Grapiúna
22%
Barreiras
11%
Redenção
8%
Nenhum quiz correspondente encontrado
Distribuição das Pontuações
Porcentagem de Pessoas com Cada Pontuação
Percentil de Números Respondidos
Sua Pontuação Histórica
Você não jogou esse quiz